| 000 | 00915nam a2200217Ii 4500 | ||
|---|---|---|---|
| 003 | JO-AjNU | ||
| 008 | 230605s9999||||xx |||||||||||||| ||und|| | ||
| 040 |
_aJO-AjNU _bara _erda _cJO-AjNU |
||
| 041 | _aara | ||
| 050 | 1 | 4 | _aPN6222.Z5364 1984 |
| 100 | 3 |
_aزيعور، علي, _eauthor _940384 |
|
| 245 | 0 | 0 | _aصياغات شعبية حول المعرفة والخصوبة والقدر: المهاد الإناسي والتحيات العلائقية في الذات العربية |
| 250 | _aط1 | ||
| 264 | 3 | 1 | _aبيروت: دار الأندلس للطباعة والنشر، 1984 |
| 300 | _a224ص | ||
| 336 |
_atext _btxt _2rdacontent |
||
| 337 |
_aunmediated _bn _2rdamedia |
||
| 338 |
_avolume _bnc _2rdacarrier |
||
| 490 | 0 | _aالتحليل النفسي والإناسي للذات العربية ((7)) | |
| 650 | 4 |
_a القصة الشعبية العربية - علم النفس الإجتماعي _940385 |
|
| 999 |
_aA17134 _c20702 _d20702 |
||